00582nam a22001457a 4500003000400000005001700004008004100021040001400062100002600076245016200102260000900264300002900273500010700302504002700409OSt20171010095528.0121004t xxu||||| |||| 00| 0 eng d aMMSUcULS aBarroga, Jennifer S.  aThermal analysis of Nanguyudan red clay of Ilocos Norte Philippines using thermogravimetric (TGA) and different thermal analysis (DTA) cJennifer S. Barroga  c2008 aviii, 40 leaves c28 cm. aThesis (BS Ceramic Engineering) -- Mariano Marcos State University-College of Engineering, Batac City  aBibliography: leaf 26